Biblioteca y Centro de Documentación

The Distribution of Gains from Globalization (Registro nro. 50919)

Detalles MARC
000 -CABECERA
Longitud fija campo de control 01479nam a2200421 c 4500
001 - NÚMERO DE CONTROL
Número de control 50919
003 - IDENTIFICADOR DE NÚMERO DE CONTROL
Identificador del número de control ES-MaCES
005 - FECHA Y HORA DE LA ÚLTIMA TRANSACCIÓN
Fecha y hora de la última transacción 20180918120924.0
007 - PHYSICAL DESCRIPTION FIXED FIELD--GENERAL INFORMAT
Campo fijo de descripción física cr |||||||||||
008 - CAMPO FIJO DE DESCRIPCIÓN FIJA--INFORMACIÓN GENERAL
Códigos de información de longitud fija   180918s2018 us r o000 | eng d
040 ## - FUENTE DE CATALOGACIÓN
Centro catalogador de origen ES-MaCES
Lengua de catalogación spa
Centro transcriptor ES-MaCES
100 1# - ENCABEZAMIENTO PRINCIPAL--NOMBRE PERSONAL
Nombre de persona Lang, Valentin F.
9 (RLIN) 39260
245 14 - MENCIÓN DE TÍTULO
Título The Distribution of Gains from Globalization
Medio Recurso electrónico
Mención de responsabilidad, etc. prepared by Valentin F. Lang and Marina Mendes Tavares
260 ## - PUBLICACIÓN, DISTRIBUCIÓN, ETC (PIE DE IMPRENTA)
Lugar de publicación, distribución, etc. [Washington, D.C.]
Nombre del editor, distribuidor, etc. International Monetary Fund
Fecha de publicación, distribución, etc. 2018
300 ## - DESCRIPCIÓN FÍSICA
Extensión 1 documento pdf
Dimensiones (4,21 mb)
490 1# - MENCIÓN DE SERIE
Mención de serie IMF working paper
Designación de volumen o secuencia WP/18/54
500 ## - NOTA GENERAL
Nota general Resumen
504 ## - NOTA DE BIBLIOGRAFÍA, ETC.
Nota de bibliografía, etc. Bibliografía: p. 40-48
541 ## - NOTA DE LA FUENTE INMEDIANTE DE ADQUISICIÓN
Forma de adquisición Gratuito
650 #4 - ASIENTO SECUNDARIO DE MATERIA--TÉRMINO DE MATERIA
Término de materia o nombre geográfico como elemento inicial globalización económica
9 (RLIN) 30653
650 #4 - ASIENTO SECUNDARIO DE MATERIA--TÉRMINO DE MATERIA
Término de materia o nombre geográfico como elemento inicial crecimiento económico
9 (RLIN) 27094
650 #4 - ASIENTO SECUNDARIO DE MATERIA--TÉRMINO DE MATERIA
Término de materia o nombre geográfico como elemento inicial evaluación del impacto
9 (RLIN) 30732
650 #4 - ASIENTO SECUNDARIO DE MATERIA--TÉRMINO DE MATERIA
Término de materia o nombre geográfico como elemento inicial distribución del ingreso
9 (RLIN) 27109
650 #4 - ASIENTO SECUNDARIO DE MATERIA--TÉRMINO DE MATERIA
Término de materia o nombre geográfico como elemento inicial riqueza
9 (RLIN) 29375
650 #4 - ASIENTO SECUNDARIO DE MATERIA--TÉRMINO DE MATERIA
Término de materia o nombre geográfico como elemento inicial bajos ingresos
9 (RLIN) 29048
650 #4 - ASIENTO SECUNDARIO DE MATERIA--TÉRMINO DE MATERIA
Término de materia o nombre geográfico como elemento inicial desigualdad económica
9 (RLIN) 29371
650 #4 - ASIENTO SECUNDARIO DE MATERIA--TÉRMINO DE MATERIA
Término de materia o nombre geográfico como elemento inicial desigualdad social
9 (RLIN) 30789
650 #4 - ASIENTO SECUNDARIO DE MATERIA--TÉRMINO DE MATERIA
Término de materia o nombre geográfico como elemento inicial 1970-2014
9 (RLIN) 39262
650 #4 - ASIENTO SECUNDARIO DE MATERIA--TÉRMINO DE MATERIA
Término de materia o nombre geográfico como elemento inicial país desarrollado
9 (RLIN) 27091
650 #4 - ASIENTO SECUNDARIO DE MATERIA--TÉRMINO DE MATERIA
Término de materia o nombre geográfico como elemento inicial país en desarrollo
9 (RLIN) 27092
653 10 - TÉRMINO DE INDEXACIÓN--NO CONTROLADO
Término no controlado Economía
700 1# - ENCABEZAMIENTO SECUNDARIO--NOMBRE PERSONAL
9 (RLIN) 39261
Nombre de persona Mendes Tavares, Marina
710 2# - ENCABEZAMIENTO SECUNDARIO--NOMBRE CORPORATIVO
Nombre de entidad o nombre de jurisdicción como elemento inicial Fondo Monetario Internacional
Término indicativo de función ed.
9 (RLIN) 3625
830 #0 - ENCABEZAMIENTO SECUNDARIO DE COLECCIÓN--TÍTULO UNIFORME
Título uniforme IMF working paper
Designación de volumen o secuencia WP/18/54
9 (RLIN) 32391
856 4# - ACCESO ELECTRÓNICO
Identificador Uniforme del Recurso (URI) http://biblioteca.ces.es/repintra/B50919.pdf
Texto del enlace texto completo
Nota pública [intranet]
902 ## - CES. TIPO DE DOCUMENTO
Tipodoc (006$c Sirtex) ELE PUB. ELECTRONICA
942 ## - ELEMENTOS KOHA
Fuente de clasificaión o esquema Clasificación propia del CES
Koha [por defecto] tipo de item Monografías
Parte de clasificación Economía

No hay ítems disponibles.

© CES, Consejo Económico y Social de España 2021